[Event "WchT Seniors 65"]
[Site "Radebeul"]
[Date "2016.07.01"]
[Round "6.20"]
[White "Stavenhagen, Johannes"]
[Black "O'Leary, Matt"]
[Result "1/2-1/2"]
[WhiteElo "1914"]
[BlackElo "1862"]
[PlyCount "63"]
[EventDate "2016.06.26"]
[EventType "team-swiss"]
[EventRounds "9"]
[EventCountry "GER"]
[SourceTitle "CBM 173 Extra"]
[Source "ChessBase"]
[SourceDate "2016.08.29"]
[SourceVersion "1"]
[SourceVersionDate "2016.08.29"]
[SourceQuality "1"]
[WhiteTeam "Saxone"]
[BlackTeam "Ireland"]
[WhiteTeamCountry "GER"]
[BlackTeamCountry "IRL"]

1. d4 Nf6 2. c4 e6 3. Nf3 d5 4. Nc3 Be7 5. e3 0-0 6. Bd3 dxc4 7. Bxc4 c5 8. 0-0 Nc6 9. dxc5 Bxc5 10. a3 a6 11. b4 Bd6 12. Qe2 b5 13. Bb3 Bb7 14. Rd1 Qc7 15. Bb2 Ne5 16. e4 Nxf3+ 17. Qxf3 Bxh2+ 18. Kh1 Qf4 19. Qxf4 Bxf4 20. Ne2 Bh6 21. f3 Rfd8 22. Kh2 Rac8 23. Rxd8+ Rxd8 24. Rd1 Rxd1 25. Bxd1 Nd7 26. Bd4 g6 27. a4 Bf8 28. axb5 axb5 29. Nc3 Bc6 30. Be2 Bxb4 31. Nxb5 e5 32. Bb2 1/2-1/2

[Event "WchT Seniors 65"]
[Site "Radebeul"]
[Date "2016.06.30"]
[Round "5.3"]
[White "Stavenhagen, Johannes"]
[Black "Seibt, Manfred"]
[Result "1/2-1/2"]
[WhiteElo "1914"]
[BlackElo "1987"]
[PlyCount "40"]
[EventDate "2016.06.26"]
[EventType "team-swiss"]
[EventRounds "9"]
[EventCountry "GER"]
[SourceTitle "CBM 173 Extra"]
[Source "ChessBase"]
[SourceDate "2016.08.29"]
[SourceVersion "1"]
[SourceVersionDate "2016.08.29"]
[SourceQuality "1"]
[WhiteTeam "Saxone"]
[BlackTeam "Dresden TuR"]
[WhiteTeamCountry "GER"]
[BlackTeamCountry "GER"]

1. d4 Nf6 2. Nf3 d6 3. Bg5 Nbd7 4. Nbd2 d5 5. e3 e6 6. c4 c6 7. Bd3 Be7 8. 0-0 0-0 9. Rc1 Re8 10. Re1 h6 11. Bh4 Nh5 12. Bxe7 Qxe7 13. cxd5 exd5 14. a3 Nhf6 15. e4 Nxe4 16. Rxe4 Qf8 17. Rxe8 Qxe8 18. Qb3 Nb6 19. Re1 Be6 20. Qc2 Qd7 1/2-1/2

[Event "WchT Seniors 65"]
[Site "Radebeul"]
[Date "2016.06.28"]
[Round "3.3"]
[White "Stavenhagen, Johannes"]
[Black "Niebling, Ferdinand"]
[Result "0-1"]
[WhiteElo "1914"]
[BlackElo "2132"]
[PlyCount "53"]
[EventDate "2016.06.26"]
[EventType "team-swiss"]
[EventRounds "9"]
[EventCountry "GER"]
[SourceTitle "CBM 173 Extra"]
[Source "ChessBase"]
[SourceDate "2016.08.29"]
[SourceVersion "1"]
[SourceVersionDate "2016.08.29"]
[SourceQuality "1"]
[WhiteTeam "Saxone"]
[BlackTeam "Hessen II"]
[WhiteTeamCountry "GER"]
[BlackTeamCountry "GER"]

1. d4 f5 2. Nf3 Nf6 3. c4 d6 4. Nc3 g6 5. Bf4 Bg7 6. Qd2 0-0 7. e3 c6 8. Bd3 Qe8 9. h3 Nbd7 10. Be2 e5 11. dxe5 dxe5 12. Bg5 e4 13. Nd4 Ne5 14. 0-0-0 Qf7 15. b3 h6 16. Bf4 Qe7 17. Kb1 a6 18. Qc1 c5 19. Nc2 Bd7 20. Na4 Bxa4 21. bxa4 Qe6 22. Na1 Rfd8 23. Nb3 Nd3 24. Bxd3 exd3 25. Nxc5 Qb6+ 26. Nb3 Ne4 27. c5 0-1

[Event "GER-chT Betriebe 14th"]
[Site "Dresden"]
[Date "2014.11.23"]
[Round "7.3"]
[White "Stavenhagen, Johannes"]
[Black "Lange, Ronald"]
[Result "1-0"]
[WhiteElo "1973"]
[BlackElo "1693"]
[PlyCount "98"]
[EventDate "2014.11.20"]
[EventType "team-swiss"]
[EventRounds "7"]
[EventCountry "GER"]
[SourceTitle "EXT 2020"]
[Source "ChessBase"]
[SourceDate "2019.10.17"]
[SourceVersion "1"]
[SourceVersionDate "2019.10.17"]
[SourceQuality "1"]
[WhiteTeam "Altenberg Europark"]
[BlackTeam "Muenchen EPA II"]
[WhiteTeamCountry "GER"]
[BlackTeamCountry "GER"]

1. d4 d5 2. Nf3 Nf6 3. c4 e6 4. Bg5 Be7 5. e3 c5 6. Nc3 Nc6 7. dxc5 Qa5 8. Nd2 Qxc5 9. Nb3 Qd6 10. c5 Qd8 11. Bb5 0-0 12. Rc1 Nd7 13. Bxe7 Nxe7 14. 0-0 Ne5 15. Qh5 f5 16. Rfd1 Rf6 17. Qe8+ Rf8 18. Qxd8 Rxd8 19. Nd4 Kf7 20. Nce2 N5c6 21. a3 Bd7 22. Nf3 Kf6 23. h4 Ne5 24. Bxd7 Nxf3+ 25. gxf3 Rxd7 26. f4 Rc8 27. Nd4 Rdc7 28. b4 a6 29. Rb1 Nc6 30. Nb3 g6 31. Kg2 h6 32. Kf3 Nb8 33. Ke2 Nd7 34. Kf3 b6 35. cxb6 Nxb6 36. Nc5 a5 37. Rb3 axb4 38. axb4 Nc4 39. Ke2 Ra8 40. Ke1 Nd6 41. Nd3 Ra2 42. Rd2 Rxd2 43. Kxd2 Ne4+ 44. Kd1 Rb7 45. b5 Rxb5 46. Ra3 Rb1+ 47. Ke2 Nd6 48. Ra6 Nc4 49. Nc5 Rb6 1-0

[Event "GER-chT Betriebe 14th"]
[Site "Dresden"]
[Date "2014.11.22"]
[Round "5.3"]
[White "Stavenhagen, Johannes"]
[Black "Hoffmann, Hendrik"]
[Result "0-1"]
[WhiteElo "1973"]
[BlackElo "2193"]
[PlyCount "56"]
[EventDate "2014.11.20"]
[EventType "team-swiss"]
[EventRounds "7"]
[EventCountry "GER"]
[SourceTitle "EXT 2020"]
[Source "ChessBase"]
[SourceDate "2019.10.17"]
[SourceVersion "1"]
[SourceVersionDate "2019.10.17"]
[SourceQuality "1"]
[WhiteTeam "Altenberg Europark"]
[BlackTeam "Leipzig Publishing Services"]
[WhiteTeamCountry "GER"]
[BlackTeamCountry "GER"]

1. d4 d5 2. Nf3 Nf6 3. c4 dxc4 4. Qa4+ c6 5. Qxc4 Bf5 6. Nc3 h6 7. Ne5 Be6 8. Qd3 Nbd7 9. Nf3 Nb6 10. Ne5 Nfd7 11. Bf4 Nxe5 12. Bxe5 Nc4 13. Qc2 Nxe5 14. dxe5 Qd4 15. Qe4 Qxe4 16. Nxe4 0-0-0 17. e3 g5 18. Nc5 Bf5 19. Bc4 e6 20. Nb3 Bg7 21. f4 gxf4 22. exf4 f6 23. g4 Be4 24. Bxe6+ Kc7 25. 0-0 Bd3 26. Rfd1 fxe5 27. Nc5 e4 28. Bf5 Bd4+ 0-1

[Event "GER-chT Betriebe 14th"]
[Site "Dresden"]
[Date "2014.11.22"]
[Round "6.2"]
[White "Stavenhagen, Johannes"]
[Black "Uhlarz, Joerg"]
[Result "1-0"]
[WhiteElo "1973"]
[BlackElo "1743"]
[PlyCount "61"]
[EventDate "2014.11.20"]
[EventType "team-swiss"]
[EventRounds "7"]
[EventCountry "GER"]
[SourceTitle "EXT 2020"]
[Source "ChessBase"]
[SourceDate "2019.10.17"]
[SourceVersion "1"]
[SourceVersionDate "2019.10.17"]
[SourceQuality "1"]
[WhiteTeam "Altenberg Europark"]
[BlackTeam "Stuttgart Wuestenrot&Wuertt"]
[WhiteTeamCountry "GER"]
[BlackTeamCountry "GER"]

1. d4 f5 2. c4 Nf6 3. Nc3 e6 4. Nf3 Be7 5. Bf4 c6 6. Qc2 0-0 7. e3 d5 8. cxd5 exd5 9. Bd3 Ne4 10. Ne5 Na6 11. Bxa6 bxa6 12. Nxc6 Qe8 13. Nxd5 Rf7 14. Nc7 Qd7 15. Nxa8 g5 16. Nxe7+ Rxe7 17. Be5 Bb7 18. Nc7 Kf7 19. Qb3+ Kg6 20. Qxb7 Rxe5 21. Qxa6+ Kg7 22. Rc1 Re7 23. 0-0 Nf6 24. Rfd1 f4 25. exf4 Qg4 26. fxg5 Nd7 27. Qh6+ Kg8 28. Nd5 Re8 29. Re1 Re4 30. Ne7+ Kf7 31. Qxh7+ 1-0

[Event "Dresden ZMD op-B 23rd"]
[Site "Dresden"]
[Date "2014.08.19"]
[Round "5"]
[White "Stavenhagen, Johannes"]
[Black "Zienert, Richard"]
[Result "0-1"]
[WhiteElo "2001"]
[BlackElo "1868"]
[PlyCount "80"]
[EventDate "2014.08.15"]
[EventType "swiss"]
[EventRounds "9"]
[EventCountry "GER"]
[SourceTitle "EXT 2024"]
[Source "ChessBase"]
[SourceDate "2023.10.10"]
[SourceVersion "1"]
[SourceVersionDate "2023.10.10"]
[SourceQuality "1"]

1. d4 Nf6 2. c4 g6 3. Nc3 Bg7 4. e4 d6 5. Be2 0-0 6. Bf4 Nbd7 7. Nf3 c5 8. d5 a6 9. 0-0 Rb8 10. Rb1 b5 11. cxb5 axb5 12. Qc2 b4 13. Nd1 Nb6 14. h3 Nxe4 15. Ne3 Nf6 16. Rfd1 Ra8 17. Bc4 Nxc4 18. Qxc4 Ba6 19. Qc2 Bb5 20. Rd2 Rxa2 21. g4 Qd7 22. Kg2 Rc8 23. Qb3 Ra6 24. Nc4 Nxg4 25. Re1 Nf6 26. Rde2 Nxd5 27. Bg3 e6 28. Re4 Nf6 29. R4e3 Bxc4 30. Qxc4 Ra7 31. Rd3 d5 32. Qc1 Qb5 33. Rdd1 Ne4 34. Be5 Bxe5 35. Nxe5 c4 36. Qf4 c3 37. f3 Nd6 38. Ng4 Nf5 39. Qe5 Qb8 40. Nf6+ Kh8 0-1

[Event "EU-chT Seniors 15th"]
[Site "Dresden"]
[Date "2013.07.26"]
[Round "7"]
[White "Stavenhagen, Johannes"]
[Black "Habershon, Paul F"]
[Result "1-0"]
[WhiteElo "2007"]
[BlackElo "2092"]
[PlyCount "85"]
[EventDate "2013.07.20"]
[EventType "team-swiss"]
[EventRounds "9"]
[EventCountry "GER"]
[SourceTitle "CBM 155 Extra"]
[Source "ChessBase"]
[SourceDate "2013.08.26"]
[SourceVersion "1"]
[SourceVersionDate "2013.08.26"]
[SourceQuality "1"]
[WhiteTeam "Saxone"]
[BlackTeam "England III"]
[WhiteTeamCountry "GER"]
[BlackTeamCountry "ENG"]

1. d4 Nf6 2. Nf3 e6 3. Bg5 Be7 4. e3 b6 5. Bd3 Bb7 6. Nbd2 d5 7. Rc1 0-0 8. 0-0 Nbd7 9. c4 c5 10. cxd5 exd5 11. Re1 Ne4 12. Bxe7 Qxe7 13. Bb5 Ndf6 14. Ne5 Rac8 15. Nf1 c4 16. f3 Nd6 17. Ba4 Rfd8 18. Ng3 Nfe8 19. Bc2 f6 20. Ng4 Rc7 21. e4 dxe4 22. fxe4 Nb5 23. Nf5 Qf8 24. d5 Nbd6 25. Nd4 Bc8 26. Nc6 Rdd7 27. e5 Nb5 28. Qf3 Qc5+ 29. Ne3 g6 30. Kh1 Nd4 31. Nxd4 Qxd4 32. d6 Rc5 33. b4 Rxe5 34. Nxc4 Bb7 35. Qh3 Rxd6 36. Rxe5 fxe5 37. Nxd6 Qxd6 38. Bb3+ Kh8 39. Rd1 Qxb4 40. Qe6 Qf8 41. Qxe5+ Ng7 42. Qc7 Be4 43. Rd8 1-0

[Event "EU-chT Seniors 15th"]
[Site "Dresden"]
[Date "2013.07.25"]
[Round "6"]
[White "Bjorgvik, Jan Arne"]
[Black "Stavenhagen, Johannes"]
[Result "1/2-1/2"]
[WhiteElo "1835"]
[BlackElo "2007"]
[PlyCount "95"]
[EventDate "2013.07.20"]
[EventType "team-swiss"]
[EventRounds "9"]
[EventCountry "GER"]
[SourceTitle "CBM 155 Extra"]
[Source "ChessBase"]
[SourceDate "2013.08.26"]
[SourceVersion "1"]
[SourceVersionDate "2013.08.26"]
[SourceQuality "1"]
[WhiteTeam "Norway IV"]
[BlackTeam "Saxone"]
[WhiteTeamCountry "NOR"]
[BlackTeamCountry "GER"]

1. e4 c5 2. Nf3 d6 3. d4 cxd4 4. Nxd4 Nf6 5. Nc3 g6 6. Be2 Bg7 7. 0-0 0-0 8. Be3 a6 9. h3 Nbd7 10. Qd2 Nc5 11. Bf3 Ne6 12. Rad1 Bd7 13. Nb3 Bc6 14. Nd5 Nd7 15. c3 Rc8 16. Nd4 Ne5 17. Be2 Nc5 18. f3 a5 19. Nxc6 bxc6 20. Nf4 Ncd7 21. Ba6 Ra8 22. Qe2 Qc7 23. g3 Nb8 24. Bd3 Nxd3 25. Nxd3 Nd7 26. Kg2 Rfb8 27. Rb1 Rb7 28. Qd2 Rab8 29. b3 c5 30. c4 a4 31. Qc2 axb3 32. axb3 Nf6 33. Nf2 Nd7 34. Bd2 Ra7 35. Bc3 Rab7 36. Bxg7 Kxg7 37. Qc3+ f6 38. Rb2 Rb4 39. Nd3 R4b6 40. Nf4 Qb7 41. Rfb1 Kf7 42. Qd3 Ne5 43. Qc3 e6 44. Nd3 Nc6 45. h4 e5 46. Kh2 Nd4 47. Nc1 Kg7 48. Kg2 1/2-1/2

[Event "EU-chT Seniors 15th"]
[Site "Dresden"]
[Date "2013.07.21"]
[Round "2"]
[White "Stavenhagen, Johannes"]
[Black "Niebuhr, Gerd"]
[Result "1/2-1/2"]
[WhiteElo "2007"]
[BlackElo "2072"]
[PlyCount "71"]
[EventDate "2013.07.20"]
[EventType "team-swiss"]
[EventRounds "9"]
[EventCountry "GER"]
[SourceTitle "CBM 155 Extra"]
[Source "ChessBase"]
[SourceDate "2013.08.26"]
[SourceVersion "1"]
[SourceVersionDate "2013.08.26"]
[SourceQuality "1"]
[WhiteTeam "Saxone"]
[BlackTeam "Niedersachsen Freibauer"]
[WhiteTeamCountry "GER"]
[BlackTeamCountry "GER"]

1. d4 Nf6 2. Nf3 g6 3. Bg5 Bg7 4. Nbd2 0-0 5. e4 d5 6. exd5 Nxd5 7. c3 Nd7 8. Bc4 c6 9. 0-0 h6 10. Bh4 N7b6 11. Bb3 Bf5 12. Re1 Nf6 13. Qe2 g5 14. Bg3 e6 15. Ne5 Nfd7 16. Rad1 Nxe5 17. dxe5 Qc7 18. Ne4 Bxe4 19. Qxe4 Rfd8 20. Rxd8+ Rxd8 21. h4 Qe7 22. hxg5 hxg5 23. Bc2 Rd5 24. b4 Rd8 25. a3 Rd7 26. f3 Rd2 27. Bf2 Nd7 28. Bxa7 Rd5 29. Bd4 c5 30. bxc5 Nxc5 31. Qe3 Nd7 32. f4 gxf4 33. Qxf4 Qxa3 34. Rf1 Qe7 35. Be4 Rb5 36. Qh2 1/2-1/2

[Event "GER-ch Seniors"]
[Site "Dresden"]
[Date "2012.08.14"]
[Round "6"]
[White "Friedrich, Ekkehard"]
[Black "Stavenhagen, Johannes"]
[Result "0-1"]
[WhiteElo "1889"]
[BlackElo "2013"]
[PlyCount "118"]
[EventDate "2012.08.09"]
[EventType "swiss"]
[EventRounds "9"]
[EventCountry "GER"]
[SourceTitle "EXT 2014"]
[Source "ChessBase"]
[SourceDate "2013.11.20"]
[SourceVersion "1"]
[SourceVersionDate "2013.11.20"]
[SourceQuality "1"]

1. c4 Nf6 2. g3 e6 3. Bg2 d5 4. d4 Bb4+ 5. Nc3 0-0 6. cxd5 exd5 7. Bg5 c6 8. Nf3 h6 9. Bd2 Bf5 10. 0-0 Bd6 11. Nh4 Bh7 12. f4 Re8 13. Nf3 Ne4 14. Ne5 Nxd2 15. Qxd2 f6 16. Nd3 Nd7 17. a3 Nb6 18. b3 Qe7 19. a4 a5 20. Rae1 Bb4 21. Nxb4 Qxb4 22. e4 dxe4 23. Bxe4 f5 24. Bc2 Nd5 25. Nb1 Qxd2 26. Nxd2 Ne3 27. Rc1 Nxf1 28. Kxf1 Rad8 29. Nf3 Kf7 30. Bd3 Kf6 31. Kf2 Bg8 32. Rc3 g5 33. h3 g4 34. hxg4 fxg4 35. Ne5 Be6 36. Bg6 Rg8 37. Bh7 Rg7 38. Bc2 Rxd4 39. Ke2 Rd8 40. Ke3 h5 41. Rc5 Rd5 42. Rc4 Bf5 43. Be4 Bxe4 44. Kxe4 Re7 45. b4 axb4 46. Rxb4 Rd1 47. Ke3 Kf5 48. Ke2 Ra1 49. Kf2 Ra2+ 50. Kf1 Rc7 51. Rc4 Ke6 52. Nd3 Kd5 53. Ne5 Re7 54. Rb4 c5 55. Rb6 Rh7 56. Rf6 Rxa4 57. Nf7 Ra2 58. Rd6+ Kc4 59. Ne5+ Kb4 0-1

[Event "GER-ch Seniors"]
[Site "Dresden"]
[Date "2012.08.11"]
[Round "3"]
[White "Stavenhagen, Johannes"]
[Black "Wuensch, Ulrich"]
[Result "0-1"]
[WhiteElo "2013"]
[BlackElo "2134"]
[PlyCount "78"]
[EventDate "2012.08.09"]
[EventType "swiss"]
[EventRounds "9"]
[EventCountry "GER"]
[SourceTitle "EXT 2014"]
[Source "ChessBase"]
[SourceDate "2013.11.20"]
[SourceVersion "1"]
[SourceVersionDate "2013.11.20"]
[SourceQuality "1"]

1. d4 Nf6 2. Nf3 e6 3. e3 d5 4. c4 Bb4+ 5. Bd2 Bxd2+ 6. Nbxd2 0-0 7. Rc1 Nbd7 8. Qc2 c6 9. Bd3 h6 10. 0-0 Re8 11. Rfe1 e5 12. e4 dxc4 13. Nxc4 exd4 14. Nd6 Re7 15. Nf5 Re8 16. Nd6 Rf8 17. Nxc8 Rxc8 18. Qb3 Nb6 19. Qb4 Re8 20. a4 Rc7 21. a5 Nc8 22. Qa3 a6 23. Rc4 Rd7 24. Qc5 Nd6 25. Rb4 Nfxe4 26. Qc2 Ng5 27. Rxe8+ Nxe8 28. Ne5 Re7 29. f4 Qxa5 30. Rb3 Qe1+ 31. Bf1 Ne6 32. Nf3 Qa1 33. Ra3 d3 34. Qxd3 Qxb2 35. Rb3 Qc1 36. f5 Nc5 37. Qd8 Nxb3 38. Qxe7 Qc5+ 39. Qxc5 Nxc5 0-1

[Event "GER-ch Seniors"]
[Site "Dresden"]
[Date "2012.08.10"]
[Round "2"]
[White "Reinke, Kurt"]
[Black "Stavenhagen, Johannes"]
[Result "0-1"]
[WhiteElo "1946"]
[BlackElo "2013"]
[PlyCount "72"]
[EventDate "2012.08.09"]
[EventType "swiss"]
[EventRounds "9"]
[EventCountry "GER"]
[SourceTitle "EXT 2014"]
[Source "ChessBase"]
[SourceDate "2013.11.20"]
[SourceVersion "1"]
[SourceVersionDate "2013.11.20"]
[SourceQuality "1"]

1. d4 Nf6 2. c4 e6 3. Nf3 b6 4. Nc3 Bb7 5. Bg5 Bb4 6. a3 Bxc3+ 7. bxc3 h6 8. Bh4 g5 9. Bg3 Ne4 10. Qc2 d6 11. e3 Nd7 12. Bd3 Ndf6 13. a4 a5 14. d5 exd5 15. Nd4 dxc4 16. Bxc4 Nxg3 17. hxg3 Bxg2 18. Bb5+ Kf8 19. Rh2 Be4 20. Qd2 c5 21. Nc6 Qc7 22. 0-0-0 Bxc6 23. Qxd6+ Qxd6 24. Rxd6 Bxb5 25. axb5 Kg7 26. f3 Rhd8 27. Rhd2 Rxd6 28. Rxd6 Rb8 29. e4 Nh5 30. g4 Nf4 31. Kd2 Ne6 32. Kc2 Nc7 33. c4 Ne6 34. Kd3 Nd4 35. Rd7 Ra8 36. e5 a4 0-1

[Event "EU-chT Seniors 12th"]
[Site "Dresden"]
[Date "2010.02.18"]
[Round "9"]
[White "Walther, Diethelm"]
[Black "Stavenhagen, Johannes"]
[Result "1/2-1/2"]
[WhiteElo "2154"]
[BlackElo "2011"]
[PlyCount "44"]
[EventDate "2010.02.10"]
[EventType "team-swiss"]
[EventRounds "9"]
[EventCountry "GER"]
[SourceTitle "CBM 134 Extra"]
[Source "ChessBase"]
[SourceDate "2010.03.03"]
[SourceVersion "1"]
[SourceVersionDate "2010.03.03"]
[SourceQuality "1"]
[WhiteTeam "Rheno Palatinat (Seniors)"]
[BlackTeam "Saxone (Seniors)"]
[WhiteTeamCountry "GER"]
[BlackTeamCountry "AUT"]

1. d4 Nf6 2. Bg5 c6 3. Nd2 d5 4. Bxf6 exf6 5. e3 Bf5 6. Ngf3 h6 7. Be2 Be7 8. 0-0 0-0 9. Nh4 Bh7 10. f4 f5 11. Nhf3 Nd7 12. c4 Nf6 13. Qb3 Qb6 14. Rac1 Qxb3 15. axb3 Ng4 16. h3 Nf6 17. Rc2 Bb4 18. Bd3 Rfe8 19. Kf2 Re7 20. Ra1 a5 21. Nf1 Rae8 22. Rac1 Rd8 1/2-1/2

[Event "EU-chT Seniors 12th"]
[Site "Dresden"]
[Date "2010.02.15"]
[Round "6"]
[White "Pamperin, Gerhard"]
[Black "Stavenhagen, Johannes"]
[Result "1/2-1/2"]
[WhiteElo "2007"]
[BlackElo "2011"]
[PlyCount "117"]
[EventDate "2010.02.10"]
[EventType "team-swiss"]
[EventRounds "9"]
[EventCountry "GER"]
[SourceTitle "CBM 134 Extra"]
[Source "ChessBase"]
[SourceDate "2010.03.03"]
[SourceVersion "1"]
[SourceVersionDate "2010.03.03"]
[SourceQuality "1"]
[WhiteTeam "Mecklenburg Vorpommern Seniors II"]
[BlackTeam "Saxone (Seniors)"]
[WhiteTeamCountry "GER"]
[BlackTeamCountry "AUT"]

1. d4 Nf6 2. c4 c6 3. Nc3 d5 4. e3 Nbd7 5. Nf3 a6 6. c5 Qc7 7. b4 e5 8. dxe5 Nxe5 9. Bb2 Nxf3+ 10. Qxf3 Bg4 11. Qg3 Qxg3 12. hxg3 a5 13. a3 axb4 14. axb4 Rxa1+ 15. Bxa1 Bf5 16. f3 Be7 17. Ne2 Bd3 18. Kd2 Bc4 19. Nd4 Bxf1 20. Rxf1 g6 21. Bc3 0-0 22. Ra1 Rb8 23. Ra7 Bd8 24. Ne2 Nd7 25. Bd4 Kf8 26. Nc3 Ke8 27. g4 b6 28. Na4 b5 29. Nc3 Rc8 30. e4 dxe4 31. Nxe4 Rc7 32. Nd6+ Ke7 33. Ra8 f6 34. Kd3 Nf8 35. Nc8+ Ke6 36. Nb6 Be7 37. Kc3 g5 38. Bf2 Ng6 39. Bg3 Nf4 40. Bxf4 gxf4 41. Kd3 f5 42. gxf5+ Kxf5 43. Rc8 Ra7 44. Rxc6 Ra3+ 45. Ke2 Ra2+ 46. Kf1 Bh4 47. Rd6 Rf2+ 48. Kg1 Rb2 49. Rd5+ Ke6 50. Kh2 Bf2 51. Kh3 Rxb4 52. Kg4 Be3 53. Rd6+ Kf7 54. Rd7+ Ke6 55. Rd6+ Kf7 56. Nd5 Bxc5 57. Rf6+ Kg7 58. Rc6 Rd4 59. Nxf4 1/2-1/2

[Event "EU-chT Seniors 12th"]
[Site "Dresden"]
[Date "2010.02.12"]
[Round "3"]
[White "Weidlich, Guenter"]
[Black "Stavenhagen, Johannes"]
[Result "1-0"]
[WhiteElo "2198"]
[BlackElo "2011"]
[PlyCount "109"]
[EventDate "2010.02.10"]
[EventType "team-swiss"]
[EventRounds "9"]
[EventCountry "GER"]
[SourceTitle "CBM 134 Extra"]
[Source "ChessBase"]
[SourceDate "2010.03.03"]
[SourceVersion "1"]
[SourceVersionDate "2010.03.03"]
[SourceQuality "1"]
[WhiteTeam "Dresden Leuben (Seniors)"]
[BlackTeam "Saxone (Seniors)"]
[WhiteTeamCountry "GER"]
[BlackTeamCountry "AUT"]

1. d4 Nf6 2. Nf3 e6 3. c4 d5 4. g3 Bb4+ 5. Bd2 Bxd2+ 6. Nbxd2 0-0 7. Bg2 Nbd7 8. Qc2 Re8 9. 0-0 c6 10. e4 dxe4 11. Nxe4 Nxe4 12. Qxe4 Nf6 13. Qc2 Qc7 14. c5 Bd7 15. Ne5 Red8 16. Rad1 Rac8 17. Rfe1 b5 18. Bf3 Be8 19. h4 Qa5 20. Rf1 Qc7 21. Kg2 Nd5 22. Be4 f5 23. Bf3 Qe7 24. Qd2 Qf6 25. Rh1 h6 26. Be2 Kh8 27. f4 Kg8 28. Kf2 Qe7 29. Rhe1 Qf6 30. Bf3 Kh8 31. a4 bxa4 32. Ra1 Nc7 33. Rxa4 Nb5 34. Qe3 Kg8 35. Be2 Rc7 36. Rea1 Qe7 37. Rd1 Kh7 38. Ra6 Rb8 39. Bc4 Rbc8 40. Re1 Rd8 41. Nf3 Bf7 42. Bxe6 Bxe6 43. Qxe6 Qxe6 44. Rxe6 Rcd7 45. Rexc6 Nxd4 46. Rd6 Nb5 47. Rxd7 Rxd7 48. Ra5 Rb7 49. c6 Rb8 50. b3 Rb6 51. h5 a6 52. Ne5 Nc7 53. Ra3 Kg8 54. Ke2 Kf8 55. Nd7+ 1-0

[Event "EU-chT Seniors 10th"]
[Site "Dresden"]
[Date "2008.02.13"]
[Round "3.1"]
[White "Stavenhagen, Johannes"]
[Black "Sjostrom, Olle"]
[Result "0-1"]
[WhiteElo "2055"]
[BlackElo "2000"]
[PlyCount "102"]
[EventDate "2008.02.11"]
[EventType "team-swiss"]
[EventRounds "9"]
[EventCountry "GER"]
[SourceTitle "CBM 122 Extra"]
[Source "ChessBase"]
[SourceDate "2008.03.04"]
[SourceVersion "1"]
[SourceVersionDate "2008.03.04"]
[SourceQuality "1"]
[WhiteTeam "Grossroehrsdorf"]
[BlackTeam "Sweden III"]
[WhiteTeamCountry "GER"]
[BlackTeamCountry "SWE"]

1. d4 Nf6 2. c4 g6 3. Nc3 d5 4. e3 Bg7 5. Qb3 c6 6. Nf3 0-0 7. Be2 dxc4 8. Bxc4 b5 9. Bd3 a5 10. 0-0 b4 11. Ne2 Ba6 12. Rd1 Qb6 13. a4 Nbd7 14. e4 Nxe4 15. Bxa6 Qxa6 16. Re1 c5 17. Qe3 Nef6 18. dxc5 Nd5 19. Qg5 e6 20. Nf4 Nxc5 21. Nxd5 exd5 22. Qxd5 Nd3 23. Re7 Nxb2 24. Bxb2 Bxb2 25. Rae1 Rad8 26. Qb3 Bc3 27. Rf1 Qd6 28. Re4 Qd5 29. Qxd5 Rxd5 30. h4 Rc8 31. Re7 h6 32. Rb7 Bf6 33. Re1 Rcd8 34. Kh2 g5 35. hxg5 hxg5 36. g4 Rc8 37. Kg2 Kg7 38. Re4 Rc3 39. Ng1 Ra3 40. Rc4 Rd4 41. Rxd4 Bxd4 42. Ne2 Bf6 43. Ng3 Ba1 44. Rb5 Rxa4 45. Rxg5+ Kf8 46. Rb5 Ra3 47. Nf5 Ke8 48. Nd6+ Kd7 49. Nc4 Rd3 50. Ne5+ Bxe5 51. Rxe5 a4 0-1

[Event "EU-chT Seniors 10th"]
[Site "Dresden"]
[Date "2008.02.11"]
[Round "1.1"]
[White "Stavenhagen, Johannes"]
[Black "Malmdin, Nils Ake"]
[Result "0-1"]
[WhiteElo "2055"]
[BlackElo "2268"]
[PlyCount "117"]
[EventDate "2008.02.11"]
[EventType "team-swiss"]
[EventRounds "9"]
[EventCountry "GER"]
[SourceTitle "CBM 122 Extra"]
[Source "ChessBase"]
[SourceDate "2008.03.04"]
[SourceVersion "1"]
[SourceVersionDate "2008.03.04"]
[SourceQuality "1"]
[WhiteTeam "Grossroehrsdorf"]
[BlackTeam "Sweden"]
[WhiteTeamCountry "GER"]
[BlackTeamCountry "SWE"]

1. d4 g6 2. e4 Bg7 3. Bc4 d6 4. Qf3 e6 5. Ne2 a6 6. a4 Nd7 7. Nbc3 c5 8. Be3 Qc7 9. Bb3 c4 10. Ba2 Ne7 11. 0-0 0-0 12. b3 cxb3 13. cxb3 h6 14. Rac1 Qb8 15. Qg3 b5 16. Qh4 g5 17. Qg3 b4 18. Nd1 d5 19. Qxb8 Rxb8 20. e5 a5 21. Ng3 Ba6 22. Re1 Rfc8 23. Nb2 f6 24. Nh5 Bh8 25. Nxf6+ Nxf6 26. exf6 Bxf6 27. Bb1 Kf7 28. Bd3 Bxd3 29. Nxd3 Rc3 30. Nc5 Nf5 31. Nd7 Rbc8 32. g4 Nxe3 33. Rxc3 Rxc3 34. fxe3 Bg7 35. Nc5 e5 36. Nb7 exd4 37. Nd6+ Kg6 38. exd4 Bxd4+ 39. Kg2 Be3 40. Nf5 d4 41. Rd1 Rxb3 42. Nxd4 Bxd4 43. Rxd4 Ra3 44. Rd6+ Kg7 45. Rd7+ Kf6 46. Rd6+ Ke5 47. Ra6 Kf4 48. h3 Ra2+ 49. Kf1 Rxa4 50. Ke1 b3 51. Kd2 Rc4 52. Rf6+ Kg3 53. Rf5 b2 54. Rb5 Rb4 55. Rxb4 axb4 56. Kc2 Kxh3 57. Kxb2 Kxg4 58. Kb3 Kf3 59. Kxb4 0-1

[Event "EU-chT Seniors 09th"]
[Site "Dresden"]
[Date "2007.02.23"]
[Round "8"]
[White "Kugelmann, Werner"]
[Black "Stavenhagen, Johannes"]
[Result "1/2-1/2"]
[WhiteElo "2206"]
[BlackElo "2046"]
[PlyCount "66"]
[EventDate "2007.02.16"]
[EventType "team-swiss"]
[EventRounds "9"]
[EventCountry "GER"]
[SourceTitle "CBM 117 Extra"]
[Source "ChessBase"]
[SourceDate "2007.05.09"]
[SourceVersion "1"]
[SourceVersionDate "2007.05.09"]
[SourceQuality "1"]

1. e4 d5 2. exd5 Qxd5 3. Nc3 Qa5 4. d4 Nf6 5. Nf3 c6 6. Bc4 Bg4 7. h3 Qh5 8. Be2 Nbd7 9. 0-0 Bxf3 10. Bxf3 Qa5 11. d5 cxd5 12. Nxd5 0-0-0 13. b4 Qa4 14. Qd4 Nxd5 15. Qxd5 Qxb4 16. Rb1 e6 17. Qxb7+ Qxb7 18. Bxb7+ Kc7 19. Bf3 Rb8 20. Rxb8 Kxb8 21. Bf4+ Kc8 22. Rd1 Be7 23. Rd3 e5 24. Bg4 exf4 25. Rxd7 Bf6 26. Rxa7+ Kb8 27. Rxf7 Re8 28. g3 fxg3 29. fxg3 Bd4+ 30. Kg2 Re1 31. Rd7 Bf6 32. Kf2 Re5 33. Kf3 h5 1/2-1/2